000 00285nam a22001337a 4500
008 171124b xxu||||| |||| 00| 0 eng d
020 _a9781884015939
041 _aeng
080 _a61
100 _a3
101 _aMIP
245 _aHOME HEALTH CARE
_cSPRATT, J.S
942 _2udc
_cBK
999 _c38472
_d38472